Environmental biotechnology and cleaner bioprocesses (Record no. 139100)

MARC details
000 -LEADER
fixed length control field 00398nam a2200145Ia 4500
008 - FIXED-LENGTH DATA ELEMENTS--GENERAL INFORMATION
fixed length control field 230917s9999||||xx |||||||||||||| ||und||
040 ## - CATALOGING SOURCE
-- 165717
Original cataloging agency VIVEKANANDA LIBRARY
041 ## - Language
-- English
082 ## - DDC NUMBER
Classification number 660.60243637 E89E
100 ## - MAIN ENTRY--PERSONAL NAME
Personal name Olguin, Eugenia J, ed.
245 #0 - TITLE STATEMENT
Title Environmental biotechnology and cleaner bioprocesses
260 ## - PUBLICATION, DISTRIBUTION, ETC. (IMPRINT)
Place of publication, distribution, etc London
Name of publisher, distributor, etc Taylor & Francis
Date of publication, distribution, etc 2000
300 ## - PHYSICAL DESCRIPTION
Pages xx, 319 p.
942 ## - ADDED ENTRY ELEMENTS (KOHA)
Koha item type Books
Holdings
Withdrawn status Lost status Damaged status Not for loan Location (home branch) Sublocation or collection (holding branch) Date acquired Koha issues (times borrowed) Koha full call number Accession No. Koha date last seen Koha item type
        VIVEKANANDA LIBRARY VIVEKANANDA LIBRARY 17/08/2012   660.60243637 E89E 242097 17/09/2023 Books
        VIVEKANANDA LIBRARY VIVEKANANDA LIBRARY 17/08/2012   660.60243637 E89E 272795 17/09/2023 Books
© Designed and Maintained by Vivekananda Library, MDU Rohtak